| 000 | 00601nam a2200181 i 4500 | ||
|---|---|---|---|
| 001 | 81129 | ||
| 003 | ES-MaACL | ||
| 005 | 20230906174356.0 | ||
| 007 | t| | ||
| 008 | 041103q1930 fr ||||1| spa d | ||
| 100 | 1 |
_aHoyos Sáinz, Luis de, _d1868-1951 _964437 |
|
| 245 | 1 | 0 |
_aDistribución de los grupos sanguíneos en España / _cpor Luis de Hoyos Sáinz. |
| 260 |
_a[Paris : _bs.n., _c1930?] ( _fChaix) |
||
| 300 |
_a4 p. ; _c24 cm. |
||
| 500 | _aEs separata de: 1er Congrés Internationale de Microbiologie. Paris, 1930. | ||
| 852 |
_aES-MaACL _j1841-F-9 _bR.19958 |
||
| 999 |
_c81129 _d81129 |
||